000 00367pam a2200157a 44500
008 230515b1990 xxu||||| |||| 00| 0 eng d
020 _aNULL
041 _aENG
082 _a618.2
100 _aDawn C.S.
245 _aTextbook of Obstetrics & Neonatology.
250 _a11TH
260 _aCalcutta
_bSreemoti Arti Dawn.
_c1990
300 _a627
650 _aN.D.
999 _c548508
_d548508